Klicke auf das Synonym - Statistiken

Allgemein
  • Dieses Quiz wurde 1.181 mal gespielt
  • Das Durchschnittsergebnis liegt bei 17 aus 20
Antwortstatistiken
Hint Antwort % Korrekt
Dunkel Düster
91%
Kalt Eisig
91%
Schnell Rasch
91%
Klein Winzig
91%
Leise Flüsternd
90%
Freiheit Unabhängigkeit
90%
Gefangenschaft Einsperrung
89%
Laut Krachend
89%
Heiß Brennend
88%
Stark Mächtig
88%
Langsam Träge
88%
Hell Strahlend
87%
Liebe Zuneigung
87%
Groß Riesig
85%
Traurig Bedrückt
82%
Glücklich Freude
80%
Schwach Zerbrechlich
78%
Hässlichkeit Abstoßung
76%
Hass Abneigung
72%
Schönheit Anmut
72%
Keine übereinstimmenden Quizze gefunden
Verteilung der Resultate
Anzahl Personen mit jedem Resultat
Perzentil nach korrekt beantworteten Fragen
Ihre Resultats-Entwicklung
Sie haben dieses Quiz noch nicht gespielt